1753 1649 1121 1148 1051 1770 1641 1286 1893 1594 1017 1978 1361 1858 1127 1692 1374 1201 1864 1207 1954 1810 1079 1053 1811 1983 1478 1968 1248 1578 1822 1255 1611 1692 1806 1389 1877 1354 1294 1928 1055 1934 1871 1373 1727 1494 1220 1745 1206 1305 1336 1773 1892 1168 1535 1291 1005 1124 1126 1994 1449 1401 1238 1500 1583 1457 1498 1131 1356 1577 1395 1482 1094 1275 1104 1074 1758 1222 1622 1440 1528 1123 1126 1416 1555 1375 1861 1350 1464 1175 1896 1121 1726 1649 1067 1551 1987 1621 1931 BCNSPRNW ULIB Ver.6.0+V

เปลี่ยนเป็นภาษาไทย

Change to English
 แสดงรายละเอียดบรรณานุกรม
  กลับหน้าหลัก

Brief Record : Get Marc (ISO 2709) : E-mail record : QR code < ปิดหน้าต่าง
LEADER : 00000nam 2200000uu 4500
001    13399110589
003     ULIB
008    110603s2544||||th 000 0 tha d
020    9740009638
060 04 WQ200^bก124ก 2544
245 00 การใช้ยาในสตรีตั้งครรถ์ ความพิการต่อทารก :^bฉบับมาตรฐาน /^cรวบรวมและเรียบเรียงโดย กนกกร สุนทรขจิต
260    กรุงเทพฯ :^bโรงพิมพ์คุรุสภาลาดพร้าว,^c2544
300    300 หน้า :^bภาพประกอบ ;^c22 ซม.
650  7 ภาวะแทรกซ้อนขณะมีครรภ์
650  7 การรักษาด้วยยา^xในหญิงมีครรภ์
650  7 การใช้ยา^xในหญิงมีครรภ์
650  7 การใช้ยา^xในวัยทารกและเด็ก
650  7 การใช้ยาในสตรีมีครรภ์
650  7 สตรีมีครรภ์
700 0  กนกกร สุนทรขจิต,^eผู้รวบรวม
945    ^p295^l0^i016415
945    ^p295^l0^i016414
945    ^p295^l0^i014786
945    ^p295^l0^i014785
945    ^p295^l0^i014783
945    ^p295^l0^i014782
945    ^p295^l0^i014781
945    ^p295^l0^i014780
945    ^p295^l0^i016416
945    ^p295^l0^i014784
945    ^p295^l0^i014779
995    ทศพร
999 ^a ใช้งานได้ทุกระบบ
รายการนี้ยังไม่มีแท็ก
คุณยังไม่ได้ล็อกอิน คุณสามารถมีกิจกรรมร่วมกับเว็บไซต์ได้ แต่ต้องล็อกอินก่อน ::
  ล็อกอิน

รายการสื่อสารสนเทศ

ลำดับที่ ประเภท เลขเรียก/บาร์โค้ด สถานที่ สถานะ
- ไม่พบข้อมูล -

รายการใกล้เคียง
    หัวเรื่อง [ภาวะแทรกซ้อนขณะมีครรภ์]
    หัวเรื่อง [การใช้ยาในสตรีมีครรภ์]
    หัวเรื่อง [สตรีมีครรภ์]

BibComment


ยังไม่เคยถูกคอมเมนท์

คอมเมนท์ทรัพยากรรายการนี้
  คอมเมนท์: การใช้ยาในสตรีตั้..


 Copyright 2026. Bcnsprnw @Library